00346nam a22001457a 4500003000400000005001700004008004100021020001500062040000700077082001200084100002000096245005300116260002300169300000800192OSt20220224141905.0220224b |||||||| |||| 00| 0 eng d a0070064318 cHU a693.834 aJones S. Robert aNoise And Vibration Control In BuildingsNew York aNew YorkbNew York f427